000 00465nam a2200157Ia 4500
008 231217s9999 xx 000 0 und d
020 _a81-261-1660-9
041 _aEnglish
082 _a371.2 TAR;1 R
100 _aTara Chand.
245 0 _aDevelopment of education system in India : for B.ed M.ed classes of Indian universities
260 _c2004
_bAnmol Publ.
_aNew Delhi
300 _ax, 233
650 _aeducation,India,B.ed,M.ed,classes
942 _cAA
999 _c195341
_d195341